000 02373nam a2200361Ia 4500
003 OSt
005 20210105124031.0
008 191128t2012 mx ad gr 001 0dspa d
020 _a9786071507587
040 _aCO-JMCR
_cCO-JMCR
041 1 _aspa
_heng
082 0 4 _a658.72 /
_bJ635a
_223
100 1 _aJohnson, P. Fraser,
_eautor
_912666
245 1 0 _aAdministración de compras y abastecimientos /
_cP. Fraser Johnson, Michiel R. Leenders, Anna E. Flynn ; revisión técnica, Antonio Valentín Castro Martínez ; traducción, Jaime Gómez Mont Araiza
250 _aDecimocuarta edición
260 _aMéxico :
_bMcGraw-Hill,
_c©2012
300 _axvii, 457 páginas :
_bgráficos a blanco y negro ;
_c27 cm.
490 0 _aEducación
500 _aIncluye índice analítico, notas a pie de página y datos biográficos de los autores.
505 0 _aAdministración de las compras y del suministro -- Estrategia de suministro -- Organización del suministro -- Procesos y tecnología del suministro -- Fabricar o comprar, abastecimiento interno y abastecimiento externo -- Identificación y especificación de las necesidades -- Calidad -- Cantidad e inventario -- Entregas -- Precio -- Administración de costos -- Selección de proveedores -- Evaluación de proveedores y relaciones con proveedores -- Administración del suministro global -- Aspectos legales y ética -- Otras responsabilidades del suministro -- Evaluación y tendencias de la función del suministro
520 3 _aLa administración de compras y abastecimientos se ha convertido en una herramienta que ha adquirido cada vez más relevancia, pues es un determinante mayor de la supervivencia y éxito corporativos. El desempeño de la cadena de suministro no sólo influye sobre los riesgos operativos y financieros sino también sobre la reputación de las organizaciones.
534 _pTraducido del inglés
546 _aPurchasing and supply management
650 1 4 _aAbastecimiento
_912667
650 1 4 _aAdministración
_91809
650 2 4 _aAdministración de compras
_912663
650 2 4 _aLogística en los negocios
_912210
700 1 _aLeenders, Michiel R.,
_eautor
_912668
700 1 _aFlynn, Anna E.,
_eautora
_912669
700 1 _aCastro Martínez, Antonio Valentín,
_erevisor
_912670
700 1 _aGómez Mont Araiza, Jaime,
_etraductor
_912671
942 _2ddc
_cBK
999 _c4754
_d4754